[Event "Bois Gentil op"]
[Site "Geneve"]
[Date "2017.01.20"]
[Round "2"]
[White "Le Bourhis, Gael"]
[Black "Keinan, Shay"]
[Result "1-0"]
[WhiteElo "2136"]
[BlackElo "1858"]
[PlyCount "55"]
[EventDate "2017.01.13"]
[EventType "swiss"]
[EventRounds "7"]
[EventCountry "SUI"]
[SourceTitle "EXT 2018"]
[Source "ChessBase"]
[SourceDate "2017.10.13"]
[SourceVersion "1"]
[SourceVersionDate "2017.10.13"]
[SourceQuality "1"]

1. e3 e5 2. d4 exd4 3. exd4 d5 4. Nf3 Bg4 5. h3 Bh5 6. Qe2+ Qe7 7. Be3 Bxf3 8. Qxf3 Nf6 9. Nc3 c6 10. 0-0-0 Nbd7 11. Bd3 Qd8 12. Bf4 Be7 13. g4 0-0 14. g5 Ne8 15. h4 g6 16. Rdg1 Ng7 17. h5 f5 18. hxg6 hxg6 19. Nxd5 cxd5 20. Qxd5+ Rf7 21. Bc4 Qe8 22. Rh6 Nf8 23. Rgh1 Nh5 24. Qe5 Bf6 25. gxf6 Qc6 26. Bxf7+ Kxf7 27. Qe7+ Kg8 28. Rh8+ 1-0

[Event "Bois Gentil op"]
[Site "Geneve"]
[Date "2017.01.13"]
[Round "1"]
[White "Keinan, Shay"]
[Black "Champoud, Gilles"]
[Result "1-0"]
[WhiteElo "1858"]
[BlackElo "1559"]
[PlyCount "59"]
[EventDate "2017.01.13"]
[EventType "swiss"]
[EventRounds "7"]
[EventCountry "SUI"]
[SourceTitle "EXT 2018"]
[Source "ChessBase"]
[SourceDate "2017.10.13"]
[SourceVersion "1"]
[SourceVersionDate "2017.10.13"]
[SourceQuality "1"]

1. d4 d5 2. c4 e6 3. Nc3 Nf6 4. Bg5 Bb4 5. e3 Bxc3+ 6. bxc3 Nc6 7. Nf3 0-0 8. Bd3 h6 9. Bh4 g5 10. Bg3 dxc4 11. Bxc4 Ne4 12. Qc2 Nd6 13. Bd3 f5 14. Be5 a6 15. g4 b5 16. h4 Nf7 17. 0-0-0 Ncxe5 18. dxe5 Bb7 19. Bxf5 Qe7 20. Be4 Qa3+ 21. Kb1 Bxe4 22. Qxe4 Qxc3 23. hxg5 Kg7 24. Rd3 Qc4 25. Rd4 Qe2 26. gxh6+ Nxh6 27. Ng5 Rxf2 28. Qh7+ Kf8 29. Qxh6+ Kg8 30. Qh8# 1-0

[Event "ACT-ch"]
[Site "Canberra"]
[Date "2015.03.08"]
[Round "5"]
[White "Keinan, Shay"]
[Black "Pearce, Tim"]
[Result "0-1"]
[WhiteElo "1467"]
[BlackElo "1706"]
[PlyCount "44"]
[EventDate "2015.03.06"]
[EventType "swiss"]
[EventRounds "7"]
[EventCountry "AUS"]
[SourceTitle "CBM 165 Extra"]
[Source "ChessBase"]
[SourceDate "2015.04.21"]
[SourceVersion "1"]
[SourceVersionDate "2015.04.21"]
[SourceQuality "1"]

1. d4 d5 2. Nf3 c6 3. Bf4 Qb6 4. Qc1 Bg4 5. Ne5 Bf5 6. g4 Bg6 7. Nxg6 hxg6 8. e3 Nf6 9. f3 e6 10. Nd2 c5 11. c3 Bd6 12. Nb3 c4 13. Nd2 Bxf4 14. exf4 Qd6 15. Nb1 Nc6 16. Qe3 0-0-0 17. b4 Rde8 18. b5 e5 19. dxe5 Nxe5 20. Kd1 Nd3 21. Qd4 Re1+ 22. Kd2 Ne4+ 0-1

[Event "ACT-ch"]
[Site "Canberra"]
[Date "2015.03.07"]
[Round "2"]
[White "Keinan, Shay"]
[Black "Tsiokantis, Costa"]
[Result "1-0"]
[WhiteElo "1467"]
[BlackElo "100"]
[PlyCount "71"]
[EventDate "2015.03.06"]
[EventType "swiss"]
[EventRounds "7"]
[EventCountry "AUS"]
[SourceTitle "CBM 165 Extra"]
[Source "ChessBase"]
[SourceDate "2015.04.21"]
[SourceVersion "1"]
[SourceVersionDate "2015.04.21"]
[SourceQuality "1"]

1. e4 e5 2. Nc3 Nc6 3. Bc4 Bc5 4. Na4 Na5 5. Bxf7+ Kxf7 6. Nxc5 b6 7. Nb3 d5 8. Nxa5 bxa5 9. Qh5+ g6 10. Qxe5 Nh6 11. Nf3 Ng4 12. Ng5+ Kf8 13. Qxh8+ Ke7 14. Qxh7+ Kd6 15. Nf7+ Kd7 16. Nxd8+ Kxd8 17. h3 Nf6 18. Qh4 Ke7 19. exd5 Bb7 20. 0-0 Bxd5 21. d3 Rg8 22. Bg5 Rf8 23. Rfe1+ Be6 24. Qh7+ Rf7 25. Qxg6 Kd7 26. Bxf6 c5 27. Qh6 c4 28. dxc4 Bxc4 29. Rad1+ Kc6 30. Bc3+ Kc7 31. Qd6+ Kb7 32. Re7+ Rxe7 33. Qxe7+ Kb6 34. Rd6+ Kc5 35. Qc7+ Kb5 36. Qc6# 1-0

[Event "ACT-ch"]
[Site "Canberra"]
[Date "2015.03.07"]
[Round "3"]
[White "Teymant, Roy"]
[Black "Keinan, Shay"]
[Result "0-1"]
[WhiteElo "1087"]
[BlackElo "1467"]
[PlyCount "58"]
[EventDate "2015.03.06"]
[EventType "swiss"]
[EventRounds "7"]
[EventCountry "AUS"]
[SourceTitle "CBM 165 Extra"]
[Source "ChessBase"]
[SourceDate "2015.04.21"]
[SourceVersion "1"]
[SourceVersionDate "2015.04.21"]
[SourceQuality "1"]

1. e4 d5 2. exd5 Qxd5 3. Nf3 Nf6 4. Nc3 Qd6 5. Bc4 a6 6. d3 b5 7. Bb3 e6 8. Bg5 Nbd7 9. Qd2 Bb7 10. Qe2 c5 11. Rd1 Be7 12. h3 0-0 13. 0-0 Bd8 14. Bxf6 Nxf6 15. a3 Bc7 16. g3 Qc6 17. Ne4 c4 18. Ba2 Nxe4 19. dxe4 Qxe4 20. Qxe4 Bxe4 21. Rd7 Rac8 22. Ne1 Rfd8 23. Rxd8+ Rxd8 24. f3 Bg6 25. Kg2 Rd2+ 26. Rf2 Rd1 27. Rf1 Ra1 28. Bxc4 bxc4 29. Rf2 Rxe1 0-1